MARC details
| 000 -LEADER |
| fixed length control field |
02248nam a22003855i 4500 |
| 001 - CONTROL NUMBER |
| control field |
vtls002040332 |
| 003 - CONTROL NUMBER IDENTIFIER |
| control field |
NLI |
| 005 - DATE AND TIME OF LATEST TRANSACTION |
| control field |
20210701035420.0 |
| 008 - FIXED-LENGTH DATA ELEMENTS--GENERAL INFORMATION |
| fixed length control field |
190601s2016 xxu| s |||| 0|eng d |
| 020 ## - INTERNATIONAL STANDARD BOOK NUMBER |
| International Standard Book Number |
9781137568670(ebook:PDF) |
| -- |
978-1-137-56867-0 |
| 035 ## - SYSTEM CONTROL NUMBER |
| System control number |
(DE-He213)978-1-137-56867-0 |
| 039 #9 - LEVEL OF BIBLIOGRAPHIC CONTROL AND CODING DETAIL [OBSOLETE] |
| -- |
201906011834 |
| -- |
arpitag |
| 041 1# - LANGUAGE CODE |
| Language code of text/sound track or separate title |
eng |
| 082 04 - DEWEY DECIMAL CLASSIFICATION NUMBER |
| Classification number |
306.096 |
| Edition number |
23 |
| 100 1# - MAIN ENTRY--PERSONAL NAME |
| Personal name |
Oloruntoba, Samuel O. |
| 9 (RLIN) |
1361629 |
| 245 10 - TITLE STATEMENT |
| Title |
Regionalism and Integration in Africa |
| Medium |
[electronic resource] : |
| Remainder of title |
EU-ACP Economic Partnership Agreements and Euro-Nigeria Relations / |
| Statement of responsibility, etc. |
by Samuel O. Oloruntoba. |
| 260 ## - PUBLICATION, DISTRIBUTION, ETC. |
| Place of publication, distribution, etc. |
New York : |
| Name of publisher, distributor, etc. |
Palgrave Macmillan US(Imprint), |
| Date of publication, distribution, etc. |
2016. |
| 300 ## - PHYSICAL DESCRIPTION |
| Extent |
XIV, 236 p. |
| Other physical details |
online resource. |
| 490 1# - SERIES STATEMENT |
| Series statement |
African Histories and Modernities |
| 520 ## - SUMMARY, ETC. |
| Summary, etc. |
The resurgence of regionalism is borne out of the current political logjams that have characterized the governance and operations of multilateral trading system over the past one decade and a half. Oloruntoba critically examines Euro-Nigeria relations within the context of the Economic Partnership Agreements in terms of the political and economic implications of the agreements on Nigeria's non-oil exports sub-sectors. Set within one of the main objectives of the Economic Partnership Agreements, he also interrogates the prospects and challenges of regional integration in Africa under the regime of transnational accumulation, which the Economic Partnership Agreements represents. |
| 650 #0 - SUBJECT ADDED ENTRY--TOPICAL TERM |
| Topical term or geographic name entry element |
Ethnology-Africa. |
| 9 (RLIN) |
1266181 |
| 650 #0 - SUBJECT ADDED ENTRY--TOPICAL TERM |
| Topical term or geographic name entry element |
International Economics. |
| 9 (RLIN) |
838199 |
| 650 #0 - SUBJECT ADDED ENTRY--TOPICAL TERM |
| Topical term or geographic name entry element |
Africa, Sub-Saharan-History. |
| 9 (RLIN) |
1360198 |
| 650 14 - SUBJECT ADDED ENTRY--TOPICAL TERM |
| Topical term or geographic name entry element |
African Culture. |
| 650 24 - SUBJECT ADDED ENTRY--TOPICAL TERM |
| Topical term or geographic name entry element |
World Regional Geography (Continents, Countries, Regions). |
| 9 (RLIN) |
1361630 |
| 650 24 - SUBJECT ADDED ENTRY--TOPICAL TERM |
| Topical term or geographic name entry element |
History of Sub-Saharan Africa. |
| 9 (RLIN) |
1361631 |
| 710 2# - ADDED ENTRY--CORPORATE NAME |
| Corporate name or jurisdiction name as entry element |
SpringerLink (Online service) |
| 9 (RLIN) |
732385 |
| 830 #0 - SERIES ADDED ENTRY--UNIFORM TITLE |
| Uniform title |
African Histories and Modernities |
| 9 (RLIN) |
1361632 |
| 856 40 - ELECTRONIC LOCATION AND ACCESS |
| Uniform Resource Identifier |
<a href="https://doi.org/10.1007/978-1-137-56867-0">https://doi.org/10.1007/978-1-137-56867-0</a> |
| 887 ## - NON-MARC INFORMATION FIELD |
| Content of non-MARC field |
arpitag |
| 905 10 - LOCAL DATA ELEMENT E, LDE (RLIN) |
| a |
arpitag |
| 949 ## - LOCAL PROCESSING INFORMATION (OCLC) |
| -- |
VIRTUAITEM |
| -- |
10000 |
| -- |
206 |
| 6 |
EBK000027511ENG |
| e |
EBK27511 |
| 942 ## - ADDED ENTRY ELEMENTS (KOHA) |
| Source of classification or shelving scheme |
Dewey Decimal Classification |
| Koha item type |
Books |